Rice literature update / (Record no. 14801)
[ view plain ]
| 000 -LEADER | |
|---|---|
| fixed length control field | 00385cas a2200145 a 4500 |
| 040 ## - CATALOGING SOURCE | |
| Transcribing agency | DLC |
| 082 ## - DEWEY DECIMAL CLASSIFICATION NUMBER | |
| Classification number | 507 IRR 2001 A061 Or. |
| 245 00 - TITLE STATEMENT | |
| Title | Rice literature update / |
| 260 ## - PUBLICATION, DISTRIBUTION, ETC. (IMPRINT) | |
| Place of publication | Manila, Philippines : |
| Name of publisher | IRRI Library and Documentation Center |
| 300 ## - PHYSICAL DESCRIPTION | |
| Number of Pages | CD-ROMs ; |
| Dimensions | 4 3/4 in. |
| 650 #0 - SUBJECT ADDED ENTRY--TOPICAL TERM | |
| Topical Term | Rice |
| 650 #7 - SUBJECT ADDED ENTRY--TOPICAL TERM | |
| Topical Term | Rice. |
| 710 2# - ADDED ENTRY--CORPORATE NAME | |
| Corporate name or jurisdiction name as entry element | International Rice Research Institute. |
| 942 ## - ADDED ENTRY ELEMENTS (KOHA) | |
| Koha item type | សៀវភៅភាសាបារាំង |
| 952 ## - LOCATION AND ITEM INFORMATION (KOHA) | |
| Withdrawn status [LOCAL, KOHA] | 0 |
| Permanent Location | Date acquired | Koha item type | Lost status | Shelving location | Barcode | Current Location | Full call number |
|---|---|---|---|---|---|---|---|
| Library Block A | 2017-10-26 | សៀវភៅភាសាបារាំង | A061 | A22433 | Library Block A | 507 IRR 2001 A061 Or. |